Statistiques concernant Personnages célèbres - Série 54

Cliquez ici pour prendre le quiz!

Statistiques générales

  • Ce quiz a été pris 177 fois
  • Le résultat moyen est 10 sur 15

Statistiques - réponses

Réponse% Correct
Leroy
94%
Sanson
94%
Red
93%
Louane
88%
Carlos
82%
Lio
81%
Redford
81%
Antoine
66%
Bartoli
59%
Rocheteau
59%
Beckenbauer
53%
Bardet
45%
Laurens
41%
Ballesteros
22%
Lunghini
20%

Distribution des résultats

Percentile par nombre de réponses

% des personnes avec chaque résultat

Votre développement - résultats

Vous n’avez pas pris ce quiz